Return to Bourneville (Record no. 84764)
[ view plain ]
| 000 -LEADER | |
|---|---|
| fixed length control field | 00904cab a22002055a 4500 |
| 001 - CONTROL NUMBER | |
| control field | L159002 |
| 008 - FIXED-LENGTH DATA ELEMENTS--GENERAL INFORMATION | |
| fixed length control field | 151202e20151200xxk 000 0 eng d |
| 035 ## - SYSTEM CONTROL NUMBER | |
| System control number | (Sirsi) u159002 |
| 041 0# - LANGUAGE CODE | |
| Language code of text/sound track or separate title | eng |
| 100 1# - MAIN ENTRY--PERSONAL NAME | |
| Personal name | Duxbury, Nick |
| 245 00 - TITLE STATEMENT | |
| Title | Return to Bourneville |
| 260 ## - PUBLICATION, DISTRIBUTION, ETC. | |
| Date of publication, distribution, etc. | 2015 |
| 490 ## - SERIES STATEMENT | |
| Series statement | Inside Housing |
| Volume/sequential designation | 20 November 2015, 12-14(3) |
| 520 ## - SUMMARY, ETC. | |
| Summary, etc. | A number of firms in London including Deloitte and Ernst and Young are entering into deals with Build to Rent developments to help groups of employees such as recently qualified graduates and apprentices find affordable homes to rent and purchase. Compares these initiatives with George Cadbury's provision of housing in Bourneville in Birmingham to house Cadbury's workers at the end of the 19th Century. |
| 590 ## - LOCAL NOTE (RLIN) | |
| Local note | KA |
| 650 24 - SUBJECT ADDED ENTRY--TOPICAL TERM | |
| Topical term or geographic name entry element | Affordable housing |
| 9 (RLIN) | 6215 |
| 651 #4 - SUBJECT ADDED ENTRY--GEOGRAPHIC NAME | |
| Geographic name | United Kingdom |
| Chronological subdivision | |
| 690 ## - LOCAL SUBJECT ADDED ENTRY--TOPICAL TERM (OCLC, RLIN) | |
| Topical term or geographic name as entry element | Residential property |
| 9 (RLIN) | 6266 |
| 942 ## - ADDED ENTRY ELEMENTS (KOHA) | |
| Suppress in OPAC | 0 |
| Withdrawn status | Lost status | Source of classification or shelving scheme | Damaged status | Not for loan | Home library | Current library | Shelving location | Date acquired | Total Checkouts | Full call number | Barcode | Date last seen | Copy number | Price effective from | Koha item type |
|---|---|---|---|---|---|---|---|---|---|---|---|---|---|---|---|
| Dewey Decimal Classification | London | London | Journals | 02/12/2015 | L159002 | 159002-1001 | 06/08/2019 | 1 | 06/08/2019 | Journal article |